Don't Threaten Me With A Good Time - Panic! At The Disco (All Lyrics) - Statistics

General Stats
  • This quiz has been taken 179 times
  • The average score is 418 of 499
Answer Stats
Don't Threaten Me With A Good Time % Correct
a
100%
A
100%
I
98%
Don't
97%
don't
97%
the
97%
with
97%
me
96%
up
95%
Verse 1 Who
95%
and
94%
And
94%
are
94%
in
94%
these
94%
go
93%
my
93%
No
93%
no
93%
of
93%
people?
93%
people
93%
we
93%
good
92%
this
92%
This
92%
threaten
92%
time
92%
woke
92%
bet
91%
gasoline
91%
it
91%
just
91%
thing
91%
underwear
91%
between
90%
Chorus Champagne
90%
cocaine
90%
hell
90%
Hell
90%
it's
90%
It's
90%
on
90%
You
90%
you
90%
feeling
89%
is
89%
things
89%
as
88%
most
88%
shopping
88%
to
88%
Refrain Alright
87%
alright
87%
what
87%
Verse 2 What
87%
should
86%
cart
85%
think
85%
get
84%
myself
83%
Where
83%
Drunk
82%
drunk
82%
had
82%
such
82%
city
81%
enough
81%
introduce
81%
left
81%
night
81%
out
81%
shelf
81%
getting
80%
Oh
80%
probably
80%
They
80%
down
79%
I'll
79%
Bridge I'm
79%
though
79%
hat
78%
party
78%
seen
78%
ever
77%
king
77%
when
77%
wore
77%
am
76%
came
76%
If
76%
if
76%
liquor
76%
look
76%
very
76%
was
76%
hologram
75%
human-like
75%
footprints?
74%
heating
74%
not
74%
should've
74%
there's
74%
yeah
74%
alarm
73%
all
73%
hand
73%
smoke
73%
heels
72%
Lost
72%
lost
72%
turn
72%
high
71%
make
71%
Now
71%
now
71%
But
70%
Memories
70%
pack
70%
pop
70%
cane
69%
gloves
68%
Raise
68%
rubber
67%
skirt
67%
work
67%
designer
66%
guy
66%
drugs
65%
How
65%
pool
65%
camels
64%
neighbor's
64%
pass
64%
some
64%
that
64%
Upside
64%
did
63%
view?
63%
clothes
62%
could
62%
fall
62%
meds
62%
perfect
62%
thousand
62%
Chiffon
61%
Five
61%
pre
61%
told
61%
end
60%
find
60%
stand
60%
sun
60%
dream
59%
might
59%
pipe
59%
tend
59%
wish
59%
again
58%
gentleman
58%
gown
58%
usually
58%
wedding
58%
Can't
57%
try
57%
drain
56%
morning
56%
tell
56%
scholar
55%
wake
55%
we've
55%
even
54%
I've
54%
mind
54%
Bedsheets
53%
fell
53%
roam
50%
sound
50%
speed
50%
wanna
50%
at
49%
town
49%
Bar
48%
bar
48%
feet
47%
through
47%
rose
45%
Saying
45%
dancing
44%
Fancy
39%
No matching quizzes found
Score Distribution
Percent of People with Each Score
Percentile by Number Answered
Your Score History
You have not taken this quiz